000
00412nam a2200145Ia 4500
008
100122s9999 xx 000 0 und d
082
_b
38601
_a
823
100
_a
वाळिंबे शरच्चंद्र
245
_a
चेकमेट
260
_b
उदयदीप प्रकाशन
_c
1905
300
_a
296
630
_a
चेकमेट
730
_a
चेकमेट
942
_c
BOOK
999
_c
420714
_d
420711